Qui est le plus grand ?( édition One Piece ) - Statistiques

Statistiques générales
  • Ce quiz a été pris 71 fois
  • Le résultat moyen est 7 sur 15
Statistiques - réponses
Question Réponse % Correct
Qui est le plus grand parmi c’est personnage connaissant Joy Boy ?
94%
Qui est le plus Grand parmi les légendes de l’ère précédente suivantes ?
91%
Qui est le plus grands parmi les mugiwaras suivants
91%
Qui est le plus grand parmi les Géants suivants ?
83%
Qui est le plus grand parmi les Adversaires de Luffy suivants ?
74%
Qui est le plus grands parmi les Grands Corsaires suivants ?
52%
Qui est le plus grand parmi les Commandants de Barbe Blanche suivants ?
39%
Qui est le plus Grand parmi les Homme Poissons suivants ?
37%
Qui est le plus Grands parmi les Samouraï suivants ?
37%
Qui est le plus grand parmi les Animaux suivant ?
33%
Qui est le plus grand parmi les membres de la Génération Terrible suivants ?
33%
Qui est le plus parmi les Seconds d’Empereurs suivants ?
31%
Qui est le plus grand parmi les Empereurs suivant ?
24%
Qui est le plus grands parmi les enfants de Big Mom suivant ?
11%
Qui est le plus grand parmi les Amiraux suivants ?
6%
Aucun quiz correspondant
Distribution des résultats
% des personnes avec chaque résultat
Percentile par nombre de réponses
Votre historique - résultats
Vous n’avez pas pris ce quiz